Na slovenskej svadbe a zábave 5

Bibliographic Details
Corporate Author: M & D (hudobná skupina) (Performer)
Format: CD Audio
Language:Slovak
PhysicalDescription:1 zvuková platňa digitál. 12 cm
Published: Bratislava Musica p2012
Subjects:

MARC

LEADER 00000njm a2200000 a 4500
001 vtls010492150
003 SK-MaSNL
005 20260301214502.0
007 sd fungnnmmned
008 130221s2012 xo ppnn n slo
015 |a SNBJ2014 
028 0 1 |a 720 5148-2  |b Musica 
040 |a SNK  |b slo  |c SNK  |e AACR2 
041 0 |d slo 
044 |a xo  |c SK 
072 7 |a 784  |x Vokálna hudba  |2 konspekt 
080 |a 784.4.088(=162.4)  |2 2011 
080 |a (086.76)  |2 2011 
245 0 0 |a Na slovenskej svadbe a zábave 5  |h zvukový záznam 
260 |a Bratislava  |b Musica  |c p2012 
300 |a 1 zvuková platňa  |b digitál.  |c 12 cm 
500 |a Kompaktná platňa 
500 |a Nahraté v MJ Studio 
505 0 0 |g Zmes ľudových piesní 1.  |t Žala naša Anička - Jedna ruža, dve ruže --  |t Drietomskou dolinou --  |g Zmes ľudových piesní 2.  |t Anička dušička nekašli - Močila konope, močila - Keď pôjdeš ty, pôjdem aj ja --  |t Vydala mamička --  |t Lindaj, lindaj --  |t Zahraj cigáň smutnú pieseň --  |t V záhradôčke pod okienkom --  |g Zmes ľudových piesní 3.  |t Neďaleko od Trenčína - Dnes je sobota --  |t Darmo ma mať moja do školy dávate --  |t Chodiv ja s frajiročku --  |t Mamko moja, mamičenko --  |g Zmes cigánskych piesní 4.  |t Šukar jakha - Andre karčma --  |g Zmes ľudových piesní 5.  |t Oženiv by ja sja - Nič sja mi nepačiť 
511 0 |a Hrá skupina duo M & D (Martin Jenčo, Janka Gabauerová) 
650 0 7 |a slovenské ľudové piesne, úpravy  |2 SNKPH  |9 328538 
655 7 |a kompaktné platne  |2 SNKPH  |9 70690 
710 2 |a M & D (hudobná skupina)  |4 prf  |9 483805 
999 |c 924949  |d 926879 
952 |a SNK  |b SNK  |y PREZ  |7 0  |p 17A1062994  |o snkSCD 2337/5  |i snk2013/4343  |8 0  |0 0  |1 0  |4 0  |d 2013-02-21  |l 0  |r 2026-02-24 08:29:15  |w 2026-02-24